| 000 | 00694nam a22002177a 4500 | ||
|---|---|---|---|
| 999 |
_c22453 _d22453 |
||
| 003 | AR-CdUCM | ||
| 008 | 190228b ||||| |||| 00| 0 spa d | ||
| 020 | _a9786124379307 | ||
| 040 |
_aMUNICIPALIDAD PROVINCIAL DEL CUSCO _cBIBLIOTECA MUNICIPAL DEL CUSCO |
||
| 082 |
_a869.56/P133B _bP133B |
||
| 100 |
_aPacheco Medrano, Karina _91044 |
||
| 245 |
_aEl bosque de tu nombre / _cKarina Pacheco Medrano |
||
| 260 |
_aLima : _bSeix Barral, _c2019. |
||
| 300 |
_a353, [2] páginas. : _c23 cm. |
||
| 440 |
_aBiblioteca breve / Seix Barral _948236 |
||
| 650 |
_aNovelas peruanas _9545 |
||
| 650 |
_aViolencia política _97220 |
||
| 650 |
_aSiglo XX _948237 |
||
| 942 |
_2ddc _cLIBROS |
||
| 945 | _aRoel | ||